Οι <<παιδιάστικες>> ιστορίες του Κοσμά Πολίτη : νεράιδες, φρέσκα κουκιά και ακούσιοι φόνοι

Αποθηκεύτηκε σε:
Λεπτομέρειες βιβλιογραφικής εγγραφής
Κύριος συγγραφέας: Τσούπρου, Σταυρούλα Γ.
Μορφή: Βιβλίο
Γλώσσα:Greek
Δημοσίευση: Αθήνα : Γρηγόρη, 2007
Θέματα:
Ετικέτες: Προσθήκη ετικέτας
Δεν υπάρχουν, Καταχωρήστε ετικέτα πρώτοι!

MARC

LEADER 00000cam a2200000 i 4500
001 1/81817
008 080411s2007 gre d
020 |a 978-960-333-539-9 
035 |l 10096537 
040 |a GR-MY-UA  |b gre  |e aacr 
041 0 |a gre 
082 0 |a 372.62044  |2 (22) 
100 1 |a Τσούπρου, Σταυρούλα Γ. 
245 1 3 |a Οι <<παιδιάστικες>> ιστορίες του Κοσμά Πολίτη :  |b νεράιδες, φρέσκα κουκιά και ακούσιοι φόνοι /  |c Σταυρούλα Γ. Τσούπρου 
260 |a Αθήνα :   |b Γρηγόρη,   |c 2007 
300 |a 99 σ.;  |c 21 εκ. 
504 |a Περιλαμβάνει βιβλιογραφίες 
600 1 0 |a Πολίτης, Κοσμάς,   |d 1888-1974. 
650 0 0 |a Children's literature  |x Study and teaching (Elementary) 
650 0 0 |a Children's literature, Greek (Modern) 
852 |a INST  |b RHODES  |e 20080411  |h 372.62044 ΤΣΟ  |p 005400029324  |q 005400029324  |t BK  |y 0 
901 |a BIBL4-2008-1 
909 |a Ρ  |b 150097 
970 |a ΧΑΡΙΟΠΟΛΙΤΟΥ  |b ΚΩΝΣΤΑΝΤΙΝΑ  |z 2008/04/11